000 01147cam a2200313 c 4500
001 49833
003 Mx-PuUPA
005 20260514104746.0
008 140415s2024 mx gr 000 0 spa d
020 _a9788411837514
_qTirant lo Blanch
020 _a9786076999363
_qUPAEP
040 _cMx-PuUPA
_aMx-PuUPA
_bspa
_dMx-PuUPA
_erda
041 0 _aspa
245 0 0 _aAfectividad y emociones :
_baportes selectos desde la filosofía con apertura interdisciplinar /
_cLivia Bastos Andrade, editora
264 1 _aPuebla, México :
_bUniversidad Popular Autónoma del Estado de Puebla : Tirant Humanidades,
_c©2024
300 _a199 páginas ;
_c22 cm
336 _2rdacontent
_atexto
_btxt
337 _2rdamedia
_asin medio
_bn
338 _2rdacarrier
_avolumen
_bnc
650 7 _2armarc
_aAfecto (Psicología)
650 7 _2armarc
_aEmociones
650 7 _2armarc
_aPsicología
650 7 _2armarc
_aEmociones
_xFilosofía
700 1 _aBastos Andrade, Livia,
_eeditor
942 _2ddc
_cLI
_h152.401
_iA25
999 _c49833
_d49833